| 000 | 01217nam a2200313 a 4500 | ||
|---|---|---|---|
| 001 | 000113667 | ||
| 003 | CHAP | ||
| 005 | 20220329144407.0 | ||
| 008 | 170906s2017 mx sm |||||||spa d | ||
| 010 | _a110128 | ||
| 011 | _a111100 | ||
| 040 | _cCHAP | ||
| 090 | _aTesis | ||
| 100 | 1 |
_aGonzález Pérez, Fernando _d(1991 - ). _9133396 |
|
| 245 | 1 | 0 |
_aEvaluación de dos extensores en la criopreservación de semen de guajolote nativo (Meleagris gallopavo Linn.) _h[En línea] _cpor Fernando González Pérez. |
| 260 |
_aChapingo, Méx. : _bEl autor, _c2017. |
||
| 500 | _aPara ver el contenido del material haga clic en la liga | ||
| 502 | _aTesis (Ing. Agr. Esp. en Zootecnia) -- UACH. Departamento de Enseñanza Investigación y Servicio en Zootecnia | ||
| 590 |
_aBATCH-UPD _b10 _c20170918 _lUCH01 _h0858 |
||
| 590 |
_aE11695DGD _b10 _c20170918 _lUCH01 _h0857 |
||
| 590 |
_aE5765TAJ _b05 _c20170906 _lUCH01 _h0908 |
||
| 590 |
_aE5765TAJ _b05 _c20170906 _lUCH01 _h0909 |
||
| 650 | 1 | 4 |
_aPavos _xSemen _xCriopreservación. _9133176 |
| 650 | 1 | 4 |
_aSemen _xEfecto de la temperatura. _9103859 |
| 856 |
_aFinding aid _uhttp://10.13.5.2/tesis/sist113667.pdf _zTeclea aquí |
||
| 901 | _aBK | ||
| 942 | _cTESIS | ||
| 942 | _n0 | ||
| 999 |
_c110128 _d110128 |
||